History - World | 1 | 3 | 0 | 0 | 45 | 42 | 97.00 | 0 | 1 |
RMP - Philosophy | 0 | 4 | 0 | 0 | 40 | 98 | 116.75 | 0 | 0 |
Social Science - Other | 1 | 1 | 0 | 0 | 25 | 36 | 76.50 | 0 | 0 |
Other - Other Academic and General Knowledge | 0 | 2 | 0 | 0 | 20 | 106 | 110.50 | 0 | 0 |
Fine Arts - Architecture | 0 | 2 | 0 | 0 | 20 | 115 | 116.00 | 0 | 0 |
Social Science - Linguistics | 1 | 0 | 0 | 0 | 15 | 39 | 39.00 | 0 | 0 |
History - American | 1 | 0 | 0 | 0 | 15 | 14 | 14.00 | 1 | 1 |
Literature - World and Miscellaneous | 0 | 1 | 0 | 0 | 10 | 120 | 120.00 | 0 | 0 |
RMP - Greco-Roman Mythology | 0 | 1 | 0 | 0 | 10 | 89 | 89.00 | 0 | 0 |
RMP - Islam | 0 | 1 | 0 | 0 | 10 | 123 | 123.00 | 0 | 0 |
Social Science - Psychology | 0 | 1 | 0 | 0 | 10 | 121 | 121.00 | 0 | 0 |
Fine Arts - Jazz | 0 | 1 | 0 | 0 | 10 | 93 | 93.00 | 0 | 0 |
Fine Arts - Painting | 0 | 1 | 0 | 0 | 10 | 97 | 97.00 | 0 | 0 |
Fine Arts - Photography | 0 | 1 | 0 | 0 | 10 | 103 | 103.00 | 0 | 0 |
History - European | 0 | 1 | 0 | 0 | 10 | 79 | 79.00 | 0 | 0 |
Literature - American | 0 | 1 | 0 | 0 | 10 | 83 | 83.00 | 0 | 0 |
Literature - European | 0 | 1 | 0 | 0 | 10 | 110 | 110.00 | 0 | 0 |
Science - Biology | 0 | 1 | 0 | 0 | 10 | 90 | 90.00 | 0 | 0 |
Science - Chemistry | 0 | 1 | 0 | 0 | 10 | 122 | 122.00 | 0 | 0 |
Science - Engineering and Miscellaneous | 0 | 1 | 0 | 0 | 10 | 77 | 77.00 | 0 | 0 |
Science - Earth | 0 | 0 | 0 | 0 | 0 | | 0.00 | 0 | 0 |
Fine Arts - Music | 0 | 0 | 0 | 0 | 0 | | 0.00 | 0 | 0 |
Science - Physics | 0 | 0 | 0 | 0 | 0 | | 0.00 | 0 | 0 |
Science - Astronomy | 0 | 0 | 0 | 0 | 0 | | 0.00 | 0 | 0 |
RMP - East Asian Religion | 0 | 0 | 0 | 0 | 0 | | 0.00 | 0 | 0 |
Fine Arts - Opera | 0 | 0 | 0 | 0 | 0 | | 0.00 | 0 | 0 |